banner koha

Flora das cangas da Serra dos Carajás, Pará, Brasil: Salicaceae (Registro n. 331797)

MARC details
000 -LÍDER
fixed length control field 01641nab a2200241 i 4500
003 - CÓDIGO MARC DA AGÊNCIA CATALOGADORA
Campo de controle BR-BrBNA
005 - DATA E HORA DA ÚLTIMA ATUALIZAÇÃO
Campo de controle 20250529130803.0
008 - CAMPO DE TAMANHO FIXO
fixed length control field 250529b2018 bl.qr|pooa||| 00| 0 por |
040 ## - FONTE DA CATALOGAÇÃO
Agência catalogadora BR-BrBNA
Idioma da catalogação por
072 ## - CATEGORIA AGRIS
Código AGRIS F70
100 ## - ENTRADA PRINCIPAL - NOME PESSOAL
Nome pessoal Marquete, Ronaldo
100 ## - ENTRADA PRINCIPAL - NOME PESSOAL
Nome pessoal Zappi, Daniela C.
245 ## - TÍTULO PRINCIPAL
Título principal Flora das cangas da Serra dos Carajás, Pará, Brasil: Salicaceae
500 ## - NOTA GERAL
Nota geral Publicação on-line; 10 ref.; 2 illus.; Summaries (En, Pt)
942 ## - ADDED ENTRY ELEMENTS (KOHA)
Koha item type Analítica
520 ## - NOTA DE RESUMO
Nota de conteúdo <br/><br/>Resumo<br/><br/>Este estudo compreende as espécies de Salicaceae que ocorrem sobre as cangas na Serra dos Carajás. Foram<br/>registrados dois gêneros para a família, Casearia e Ryania e um total de seis espécies. São apresentados<br/>chaves de identificação, descrições, comentários e ilustrações das espécies.<br/><br/>Palavras-chave: Casearia, FLONA Carajás, Malpighiales, Ryania, taxonomia.<br/><br/><br/><br/><br/>Abstract<br/><br/>The present study comprises the species of Salicaceae that grow on the iron-stone outcrops of the Serra dos<br/>Carajás. Two genera, Casearia e Ryania, and six species were recorded for this family. Identification keys,<br/>descriptions, comments and illustrations are presented.<br/><br/>Key words: Casearia, FLONA Carajás, Malpighiales, Ryania, taxonomy
650 ## - ASSUNTO - THESAGRO
Cabeçalho tópico ou nome geográfico CASEARIA SYLVESTRIS
650 ## - ASSUNTO - THESAGRO
Cabeçalho tópico ou nome geográfico CARAJÁS
650 ## - ASSUNTO - THESAGRO
Cabeçalho tópico ou nome geográfico TAXONOMIA
773 0# - ENTRADA ANALÍTICA
Host Biblionumber 709
Registro do item 350699
Imprenta Rio de Janeiro-RJ Jardim Botanico do Rio de Janeiro 1935
Outro identificador 2025-3324
Título Rodriguésia (Brazil)
ISSN 0370-6583; 2175-7860 on-line
Colação v. 69(1) p. 219-227; (2018)
Número de controle de registro BR2025001304
856 ## - ACESSO E ENDEREÇO ELETRÔNICO
Identificador uniforme de recurso - URI https://www.scielo.br/j/rod/a/GPF6jwsS77qRhbyJvwtQNwc/?format=pdf&lang=pt

Nenhum exemplar disponível.

BINAGRI

Telefone: (61)3218-2567/2388/3357/2097 - binagri@agro.gov.br

Ministério da Agricultura e Pecuária , Esplanada dos Ministérios, Bloco D, Anexo B, Brasília/DF, CEP: 70.043-900